00182nam a22000857a 4500082001700000100001600017245003800033260001700071300000800088 a621.31042DAN aDaniels A R aIntroduction to electric machines aLondonc1981 a177